|
|
|
|
| LEADER |
00000nam0a2200000 4500 |
| 001 |
310311 |
| 005 |
20231102002256.0 |
| 020 |
|
|
|a RU
|b 81-95216
|
| 035 |
|
|
|a (RuTPU)RU\TPU\book\335660
|
| 090 |
|
|
|a 310311
|
| 100 |
|
|
|a 20151124d1981 km y0rusy5003 ca
|
| 101 |
0 |
|
|a rus
|
| 102 |
|
|
|a RU
|
| 105 |
|
|
|a a z 001zy
|
| 200 |
1 |
|
|a Проблемы современной биометрии
|e сборник статей
|f Московское общество испытателей природы (МОИП) ; под ред. Н. А. Плохинского
|
| 210 |
|
|
|a Москва
|c Изд-во МГУ
|d 1981
|
| 215 |
|
|
|a 168 с.
|c ил.
|
| 320 |
|
|
|a Библиогр. в конце ст.
|
| 510 |
1 |
|
|a Problems oe modern biometrics
|z eng
|
| 606 |
1 |
|
|a Биометрия
|x Обработка результатов на вычислительных машинах
|2 stltpush
|3 (RuTPU)RU\TPU\subj\28725
|9 52226
|
| 610 |
1 |
|
|a биокибернетика
|
| 610 |
1 |
|
|a математическая биология
|
| 610 |
1 |
|
|a методы Ляпунова
|
| 610 |
1 |
|
|a методика
|
| 610 |
1 |
|
|a биометрические измерения
|
| 610 |
1 |
|
|a биометрические методы
|
| 610 |
1 |
|
|a биометрические расчеты
|
| 675 |
|
|
|a 57.08
|z rus
|v 3
|
| 702 |
|
1 |
|a Плохинский
|b Н. А.
|g Николай Александрович
|4 340
|
| 712 |
0 |
2 |
|a Московское общество испытателей природы (МОИП)
|c (1917- )
|2 stltpush
|3 (RuTPU)RU\TPU\col\7762
|
| 801 |
|
0 |
|a RU
|b RuMRKP
|c 19950704
|g psbo
|
| 801 |
|
1 |
|a RU
|b 63413507
|c 20151124
|
| 801 |
|
2 |
|a RU
|b 63413507
|c 20190904
|g RCR
|
| 942 |
|
|
|c BK
|